000 00789nam a2200229 a 4500
001 47973
003 BD-RjUL
005 20211209054432.0
008 160811s2013 bg a|||| |||| 00| f ben d
020 _a9847013306738
_c: Tk. 100.00
035 _a(BD-RjUL)48092
040 _aBD-RjUL
_bben
_cBD-RjUL
041 _aben
082 _a891.443
_bIST 2013
100 _aইসলাম, মাহবুবা
_9120257
245 1 0 _aতৃতীয় তীরে ধস /
_cমাহবুবা ইসলাম
260 _aঢাকা :
_bকাকলী প্রকাশনী,
_c২০১৩
300 _a৭২ পৃ. :
_bচিত্র ;
_c২১ সেমি.
650 _aবাংলা উপন্যাস
_9145535
650 _aBengali Fiction
_9145536
942 _2ddc
_cBK
999 _c47973
_d47973